01109 2200361 4500001002100000005001500021035002000036007000300056008004100059082000800100084001500108100003500123245008700158250001500245300003000260700003900290520012400329600001000453264004500463336002100508337003000529338002300559020001900582020001800601990001600619990001600635990001600651990001600667990001600683990001600699990001600715990001600731INLIS00000000000003420260428014643 a0010-0426000033ta260428 g 1 ind  a899 a899 TOS f0 aToshikazu KawaguchiePengarang1 aFuniculi Funicula: kisah-kisah yang baru terungkap /cPenulis, Toshikazu Kawaguchi aCetakan 12 a200 :bIlustrasi ;c20 cm0 aAsri Pratiwi WulandariePenerjemah aFunicula Funicula, sebuah kafe di gang sempit di tokyo, masih kerap didatangi olang-orang yang ingin menjelajahi waktu. 4aFiksi aJakarta :bGramedia Pustaka Utama,c2024 2rdacontentaTeks 2rdamediaaTanpa Perantara 2rdacarrieraVolume a97860220663845 a9786020663852 aPP000085/25 aAT000098/25 aPC000120/25 aSP000118/25 aTT000434/25 aPT000474/25 aPP000897/25 aNM003253/25